01764nab a2200433 i 450000100060000000300080000600500170001400600190003100700150005000800410006502200140010603500210012004000310014105000220017208000130019408200180020710000310022524501510025626400790040730000450048631000180053133600310054933700330058033800430061336200400065650000230069658801260071959001640084565000340100965000310104365000280107465000320110265100140113465500320114877300530118079700190123385600610125299900170131341635FlNmELB20241216221959.0m o d | cr cnu||||||||141005c20009999sp qr p o 0 b0spa d a0034-7639 a(OCoLC)991994384 aFINmELBbspaerdacFINmELB 4aJN8221bM951 2000 a351(460)0 a352.209462231 aMuga Muñoz, José Luis.13aEl plazo para reclamar la responsabilidad de las administraciones publicas :buna propuesta de política legislativa /cJosé Luis Muga Muñoz. 1aMadrid :bCEPC - Centro de Estudios Políticos y Constitucionales,c2000. a1 recurso en línea (páginas 167-181) aCuatrimestral atextobtxt2rdacontent/spa acomputadorabc2rdamedia/spa arecurso en líneabcr2rdacarrier/spa0 anúmero 152 (mayo-agosto) (2000) - aContiene índice. aDescripción basada en recurso en línea; Título de la página del título en PDF (e-libro, visto october 5, 2014). aRecurso electrónico. Santa Fe, Arg.: e-libro, 2015. Disponible vía World Wide Web. El acceso puede estar limitado para las bibliotecas afiliadas a e-libro. 0aPublic administrationzSpain. 0aAdministrative lawzSpain. 4aDerecho administrativo. 4aAdministración pública. 4aEspaña. 4aArtículos electrónicos.0 tRevista de Administración Públicax0034-76392 ae-libro, Corp.40uhttps://elibro.net/ereader/politecnicointernacional/3080 c41635d41635